000 01259nam a2200301 i 4500
003 EG-GICUC
005 20260306134211.0
008 260306s1993 ly |||fr|||| 000 0 ara d
040 _a EG-GICUC
_bara
_c EG-GICUC
_d EG-GICUC
_erda
041 _aara
082 0 4 _221
_a341.69
_bع ب . ت
092 0 4 _221
099 _aLaw1 11 341.69 ع ب . ت 1993
100 1 _aبايلي،ريتشارد
_eمؤلف.
245 1 0 _aتدمير العراق :
_bبعد (139 يوما) من المبادرات والمساعي الدولية /
_cتأليف ريتشارد بايلي ; ترجمة عبدالوهاب محمد الزنتاني
264 1 _aليبيا :
_bالدار الجماهيرية للنشر والتوزيع،
_c1993.
264 1 _aالمملكة العربية السعودية :
_bدار اليوم للاعلام،
_c1993
300 _a221 صفحة ;
_c24 سم
336 _2rda content
_atext
337 _2rda media
_aComputer
338 _2rda carrier
_aOnline Resource
546 _aالنص باللغة العربية
650 1 4 _aجرائم الحرب
700 0 _aعبدالوهاب محمد الزنتاني
_eمترجم.
856 4 0 _uhttps://fll.law.cu.edu.eg/fulltext/bks/B11-04059.pdf
905 _a67
942 _2ddc
_cBK
_e21
_n0
999 _c65219
_d65219